000 00893nam a2200253Ia 4500
003 OSt
005 20220927112118.0
006 a|||||r|||| 00| 0
007 ta
008 220926b |||||||| |||| 00| 0 eng d
024 _a108467
037 _cReports
040 _aRTL
_cRTL
_beng
041 _2eng
_aeng
082 _a"X9(KZ35).213.N73<--N68t, L4"
110 _a"Karnataka, Planning (Deptt), Project Formulation, Evaluation And Manpower (D/O)"
_9383131
245 0 _aEvaluation report on poultry development programme
260 _aBangalore
_bThe Author India
_c1974
300 _a89p. Appendix p. 49-89
_ccm.
650 _aAnimal Husbandry Industry
700 _a"Karnataka, Planning (Deptt), Project Formulation, Evaluation And Manpower (D/O)"
_9383132
942 _h"X9(KZ35).213.N73<--N68t, L4"
_cCC
999 _c699817
_d699817